000 00504nam a22001457a 4500
008 140131b xxu||||| |||| 00| 0 eng d
020 _a1-932645-45-x
050 _aBT431.C363 2004
100 _aThe Editors of Catholic Exchange
_97553
245 _aA Guide to the Passion
_b100 questions about The Passion of The Christ
_cThe Editors of Catholic Exchange
260 _aUnited States
_bAscension Press
_c2004
300 _a87p. ;
_c22cm.
650 _aJesus Christ-Passion
_97554
942 _2lcc
_cMONOGRAPH
999 _c119836
_d119836